| 000 | 00732nam a2200217 i 4500 | ||
|---|---|---|---|
| 001 | 116840 | ||
| 003 | ES-MaACL | ||
| 005 | 20230906190758.0 | ||
| 007 | t| | ||
| 008 | 061121s1927 gw r ||||1| spa d | ||
| 100 | 1 |
_aPavia, Luigi. _989680 |
|
| 245 | 1 | 0 |
_aGramática sucinta de la lengua italiana _b: con ejercicios de versión y trozos de lectura / _cpor Luigi Pavia. |
| 250 |
_a7ª ed. rev. y aum. _bpor el autor. |
||
| 260 |
_aHeidelberg [etc.] : _bJulio Groos [etc.], _c1927. |
||
| 300 |
_aVIII, 196 p. ; _c19 x 12 cm. |
||
| 490 | 1 | _aMétodo Gaspey-Otto-Sauer | |
| 650 | 0 | 4 |
_aLengua italiana- _xGramática. _914290 |
| 830 | 0 |
_aMétodo Gaspey-Otto-Sauer _9186385 |
|
| 852 |
_aES-MaACL _jB-7800 |
||
| 999 |
_c116840 _d116840 |
||